Les 15 vidéos les plus vues de Inoxtag - Statistiques

Statistiques générales
  • Ce quiz a été pris 177 fois
    20 depuis la dernière actualisation
  • Le résultat moyen est 4 sur 15
Statistiques - réponses
Nombre de vues Mois et année Nom de la vidéo (complet) % Correct
27M Avr 2023 48h pour survivre à une invasion de zombie
50%
19M Mars 2024 48h pour sortir des Backrooms
44%
32M Oct 2023 Qui sera le dernier survivant
44%
34M Sept 2022 48h pour sortir d'un Bunker
39%
16M Déc 2021 The Best Date Ever
39%
23M Juil 2022 7 Jours Seul sur une Île Déserte
28%
44M Sept 2024 Kaizen : 1 an pour gravir l'Everest
28%
14M Déc 2021 Pile ou Face de l'Extrême
17%
12M Févr 2022 24h en voiture 2
11%
22M Déc 2020 24h menotté avec Michou
11%
11M Juil 2020 Cache Cache dans Toute la France
11%
12M Févr 2024 Qui perdra son job
11%
11M Juil 2023 7 jours en Van pour faire le Tour de France
6%
13M Oct 2020 J'organise l'anniversaire de mon pote Michou
6%
11M Juin 2025 Qui sera le dernier survivant de la secte ?
6%
Aucun quiz correspondant
Distribution des résultats
% des personnes avec chaque résultat
Percentile par nombre de réponses
Votre historique - résultats
Vous n’avez pas pris ce quiz depuis la dernière actualisation